Online Catalogue and eLibrary

The mahavamsa or the great chronicle of Ceylon (Record no. 3484)

MARC details
000 -LEADER
fixed length control field 00449nam a2200145Ia 4500
005 - DATE AND TIME OF LATEST TRANSACTION
control field 20250214013223.0
008 - FIXED-LENGTH DATA ELEMENTS--GENERAL INFORMATION
fixed length control field 240331s9999 xx 000 0 und d
082 ## - DDC Classification
Item Number - Author Mark MAH
Class No. 954
100 ## - MAIN ENTRY--PERSONAL NAME
Personal name Geiger, W. tr.
245 #4 - TITLE STATEMENT
Title The mahavamsa or the great chronicle of Ceylon
260 ## - PUBLICATION, DISTRIBUTION, ETC.
Place of publication, distribution, etc. New Delhi
Name of publisher, distributor, etc. Asian Educational Services
Date of publication, distribution, etc. 1986
300 ## - PHYSICAL DESCRIPTION
Extent (e.g. Volumes, Pages etc.) lxiii, 300 p .,
500 ## - GENERAL NOTE
General note Mahavamsa and the development of the historical tradition in Ceylon.
942 ## - Koha item type (Biblio)
Koha item type Books in Stacks (Lending)
Holdings
Lost status Damaged status Collection code Home library Current library Shelving location Date acquired Full call number Accession Number Item type
    Lending WERC Library WERC Library Social Science Cupboard 03/31/2024 954.93 MAH 544 Books in Stacks (Lending)

© WERC Library